00337nam a2200109Ia 4500008004100000082001500041100002200056245003300078942000600111952009700117999001300214240331s9999 xx 000 0 und d a294.4bBHA aBhattacharyya,H.M 0aJaina logic and epistemology cL 001040708LaWERCLbWERCLcSSCd2024-03-31l0o 294.4 BHAp3703r2024-03-31w2024-03-31yL c934d934